[Event "SV Castrop-Rauxel 1 - SK Münster 1"]
[Site "NRW-Klasse, Gruppe 2 2014/201"]
[Date "2014.12.14"]
[Round "4.3"]
[White "Molinaroli, Martin"]
[Black "Boehnke, Martin"]
[Result "1-0"]
[WhiteElo "2244"]
[BlackElo "2097"]
[Annotator "Hausrath,Daniel"]
[PlyCount "97"]
[EventDate "2014.??.??"]
[WhiteTeam "SK Münster 1"]
[BlackTeam "SV Castrop-Rauxel 1"]

1. b3 d5 2. Bb2 Nf6 3. e3 Bf5 4. Nf3 e6 5. Be2 h6 6. O-O Be7 7. c4 O-O 8. Nc3
c5 9. cxd5 Nxd5 10. Nxd5 Qxd5 11. Ne5 Nc6 12. Bf3 Be4 13. Bxe4 Qxe4 14. d3 Qd5
15. Nxc6 Qxc6 16. Qg4 f6 17. Rfc1 Qd7 18. Rd1 Rfd8 19. d4 cxd4 20. Rxd4 Qc6 21.
Rc1 Rxd4 22. Qxd4 Qd6 23. Qe4 Rd8 24. g3 Qd7 25. Kg2 Rc8 26. Rxc8+ Qxc8 27. Bd4
a6 $11 28. a4 Kf7 29. h3 e5 30. Bb6 Qc6 31. Qxc6 bxc6 32. e4 Ke6 33. g4 g6 34.
f3 f5 35. Kf2 fxe4 36. fxe4 h5 37. gxh5 gxh5 38. Be3 Bd6 39. Ke2 Be7 40. Kd3
Bd6 41. Kc4 Be7 42. Bc5 Bd8 43. Bf8 Bb6 44. Kb4 Kd7 45. Bc5 Bc7 46. Ba7 Kd6 47.
Kc4 a5 48. b4 Kd7 49. bxa5 1-0

[Event "SV Castrop-Rauxel 1 - SK Münster 1"]
[Site "NRW-Klasse, Gruppe 2 2014/201"]
[Date "2014.12.14"]
[Round "4.4"]
[White "Hille, Ralph Ingo"]
[Black "Kamp, Christoph"]
[Result "0-1"]
[WhiteElo "2072"]
[BlackElo "2169"]
[PlyCount "114"]
[EventDate "2014.??.??"]
[WhiteTeam "SV Castrop-Rauxel 1"]
[BlackTeam "SK Münster 1"]

1. b3 e5 2. Bb2 Nc6 3. e3 Nf6 4. Bb5 Bd6 5. Ne2 a6 6. Bxc6 dxc6 7. O-O O-O 8.
f4 Qe7 9. Qe1 Re8 10. Nbc3 Bd7 11. Qh4 exf4 12. Nxf4 Ne4 13. Qxe7 Rxe7 14. Nxe4
Rxe4 15. h3 Rae8 16. Nh5 Be5 17. Bxe5 R4xe5 18. Ng3 f5 19. Rf2 c5 20. Raf1 g6
21. Rd1 Bc6 22. Nf1 Kg7 23. d4 cxd4 24. exd4 R5e7 25. d5 Bd7 26. d6 cxd6 27.
Rxd6 Bc6 28. Rfd2 f4 29. R6d4 g5 30. c4 Rf8 31. Kf2 h5 32. Rd8 Rxd8 33. Rxd8
Rd7 34. Rxd7+ Bxd7 35. Nd2 Bc6 36. g3 fxg3+ 37. Kxg3 Kf6 38. h4 gxh4+ 39. Kxh4
Ke5 40. Kxh5 Kd4 41. Kg4 Kc3 42. Nf1 Kb2 43. Kf4 Kxa2 44. Nd2 Kb2 45. Ke3 Kc3
46. Ke2 a5 47. Kd1 b6 48. Kc1 Bg2 49. Kd1 Kb2 50. Ke2 Kc2 51. Ke1 Bh3 52. c5
bxc5 53. Ne4 c4 54. bxc4 a4 55. Nf2 a3 56. Nd3 Kxd3 57. Kd1 a2 0-1

[Event "SV Castrop-Rauxel 1 - SK Münster 1"]
[Site "NRW-Klasse, Gruppe 2 2014/201"]
[Date "2014.12.14"]
[Round "4.5"]
[White "Rott, Georg"]
[Black "Werrn, Pascal"]
[Result "1-0"]
[WhiteElo "2110"]
[BlackElo "2019"]
[PlyCount "77"]
[EventDate "2014.??.??"]
[WhiteTeam "SK Münster 1"]
[BlackTeam "SV Castrop-Rauxel 1"]

1. e4 c5 2. Nf3 Nc6 3. Bb5 Nf6 4. Nc3 g6 5. e5 Ng4 6. Bxc6 dxc6 7. h3 Nh6 8.
O-O Bg7 9. Re1 Nf5 10. Ne4 Qa5 11. Nf6+ exf6 12. exf6+ Be6 13. fxg7 Nxg7 14. d3
O-O 15. Bd2 Qc7 16. b3 f6 17. Bc3 Qf7 18. Qc1 Bd5 19. Nh2 Nf5 20. Ng4 Qg7 21.
Qb2 Nd4 22. Bxd4 cxd4 23. Qxd4 f5 24. Qxg7+ Kxg7 25. Re7+ Rf7 26. Rxf7+ Bxf7
27. Ne5 Be6 28. f4 Kf6 29. h4 Rd8 30. Kf2 h5 31. Ke3 c5 32. g3 Rd6 33. a4 a5
34. Rd1 Bd5 35. Rd2 Bf7 36. d4 c4 37. bxc4 Be8 38. c5 Rd8 39. c4 1-0

[Event "SV Castrop-Rauxel 1 - SK Münster 1"]
[Site "NRW-Klasse, Gruppe 2 2014/201"]
[Date "2014.12.14"]
[Round "4.6"]
[White "Mueller, Frank"]
[Black "Rehfeldt, Frank"]
[Result "1/2-1/2"]
[WhiteElo "2030"]
[BlackElo "2141"]
[PlyCount "75"]
[EventDate "2014.??.??"]
[WhiteTeam "SV Castrop-Rauxel 1"]
[BlackTeam "SK Münster 1"]

1. e4 c6 2. d4 d5 3. Nd2 dxe4 4. Nxe4 Bf5 5. Ng3 Bg6 6. h4 h6 7. h5 Bh7 8. Nf3
Nd7 9. Bd3 Bxd3 10. Qxd3 e6 11. Bd2 Qc7 12. O-O-O O-O-O 13. Qe2 Ngf6 14. Ne5
Nxe5 15. dxe5 Nd7 16. f4 Nc5 17. Be3 Be7 18. Qg4 Qa5 19. Kb1 Na4 20. Bc1 Qb5
21. Qf3 Bb4 22. Ne4 Rd5 23. b3 Rxd1 24. Rxd1 Nb6 25. c4 Qa5 26. Qd3 Kb8 27. Bd2
Nc8 28. Bxb4 Qxb4 29. Qd7 Nb6 30. Qxf7 Nxc4 31. Qxg7 Rc8 32. Nd6 Nxd6 33. exd6
Qxf4 34. Qe7 Qe4+ 35. Kc1 Qe3+ 36. Kb1 Qe4+ 37. Kc1 Qe3+ 38. Kb1 1/2-1/2

[Event "SV Castrop-Rauxel 1 - SK Münster 1"]
[Site "NRW-Klasse, Gruppe 2 2014/201"]
[Date "2014.12.14"]
[Round "4.7"]
[White "Wieder, Heiner"]
[Black "Kock, Wolfgang"]
[Result "1-0"]
[WhiteElo "2061"]
[BlackElo "1973"]
[PlyCount "35"]
[EventDate "2014.??.??"]
[WhiteTeam "SK Münster 1"]
[BlackTeam "SV Castrop-Rauxel 1"]

1. e4 d6 2. d4 Nf6 3. Nc3 c6 4. Nf3 Bg4 5. Be2 e6 6. O-O Be7 7. e5 Nfd7 8. exd6
Bxd6 9. Ne4 Be7 10. c4 Nf6 11. Nc3 O-O 12. Bf4 Nbd7 13. Re1 Qa5 14. a3 Rac8 15.
Qd2 Qf5 16. Bd3 Qh5 17. Ne5 Nxe5 18. Rxe5 1-0

[Event "SV Castrop-Rauxel 1 - SK Münster 1"]
[Site "NRW-Klasse, Gruppe 2 2014/201"]
[Date "2014.12.14"]
[Round "4.8"]
[White "Tenschert, Hartmut"]
[Black "Borrink, Joern"]
[Result "0-1"]
[WhiteElo "1758"]
[BlackElo "2110"]
[PlyCount "100"]
[EventDate "2014.??.??"]
[WhiteTeam "SV Castrop-Rauxel 1"]
[BlackTeam "SK Münster 1"]

1. d4 g6 2. Bf4 Bg7 3. e3 d6 4. h3 Nd7 5. Nf3 Ngf6 6. Nbd2 O-O 7. c3 b6 8. Be2
Bb7 9. O-O c5 10. Re1 h6 11. Qb3 Kh7 12. Qc2 Rc8 13. Qa4 Qc7 14. Rac1 a6 15.
Bh2 Ne8 16. Qc2 e5 17. Qb1 f5 18. dxe5 dxe5 19. e4 f4 20. Kh1 Nd6 21. Ng1 Rcd8
22. Rcd1 b5 23. Bf3 c4 24. g3 fxg3 25. Bxg3 Nc5 26. Bg2 Nd3 27. Rf1 Rf7 28. Ne2
Ne8 29. Nc1 Nf6 30. Nxd3 Rxd3 31. Rfe1 Rfd7 32. Nf1 Rxd1 33. Rxd1 Rxd1 34. Qxd1
Nxe4 35. Qe2 Ng5 36. h4 Ne6 37. h5 Bxg2+ 38. Kxg2 Qc6+ 39. Kg1 Nf4 40. Bxf4
exf4 41. hxg6+ Qxg6+ 42. Kh1 Qd3 43. Qe1 Qf3+ 44. Kg1 Qg4+ 45. Kh1 f3 46. Ne3
Qh3+ 47. Kg1 Be5 48. Qb1+ Kh8 49. Qg6 Bh2+ 50. Kh1 Bg3+ 0-1

[Event "Gütersloher SV 1 - SV Castrop-Rauxel 1"]
[Site "NRW-Klasse, Gruppe 2 2014/201"]
[Date "2015.01.11"]
[Round "5.1"]
[White "Kartsev, Soel"]
[Black "Grochtmann, Stephan"]
[Result "1-0"]
[WhiteElo "2208"]
[BlackElo "2084"]
[PlyCount "67"]
[EventDate "2015.??.??"]
[WhiteTeam "SV Castrop-Rauxel 1"]
[BlackTeam "Gütersloher SV 1"]

1. e4 c5 2. Nf3 g6 3. c3 Bg7 4. d4 cxd4 5. cxd4 d5 6. e5 Nc6 7. h3 f6 8. Bb5 a6
9. Ba4 Nh6 10. O-O O-O 11. Nc3 Kh8 12. exf6 exf6 13. Re1 Qd6 14. Bb3 Be6 15.
Bf4 Qd7 16. Na4 Bxh3 17. gxh3 Qxh3 18. Nh2 f5 19. Qf3 Qh4 20. Bg3 Qxd4 21. Rad1
Qf6 22. Nb6 Rad8 23. Bc7 Nd4 24. Qg2 Nxb3 25. Nxd5 Rxd5 26. Rxd5 Qc6 27. Be5
Bxe5 28. Rexe5 Nc1 29. Re7 Ng4 30. Nxg4 fxg4 31. Rd1 Qc2 32. Rdd7 Ne2+ 33. Kh2
Rxf2 34. Rd8+ 1-0

[Event "Gütersloher SV 1 - SV Castrop-Rauxel 1"]
[Site "NRW-Klasse, Gruppe 2 2014/201"]
[Date "2015.01.11"]
[Round "5.2"]
[White "Ebert, Manuel"]
[Black "Kartsev, Alexandr"]
[Result "0-1"]
[WhiteElo "2124"]
[BlackElo "2170"]
[PlyCount "72"]
[EventDate "2015.??.??"]
[WhiteTeam "Gütersloher SV 1"]
[BlackTeam "SV Castrop-Rauxel 1"]

1. e4 c6 2. Nc3 d5 3. Nf3 g6 4. d4 Bg7 5. Be2 dxe4 6. Nxe4 Nd7 7. O-O Ngf6 8.
Qd3 O-O 9. c4 Qa5 10. Rd1 Rd8 11. Bd2 Qf5 12. Nc3 Qxd3 13. Bxd3 Nb6 14. h3 Bf5
15. Bxf5 gxf5 16. b3 Ne4 17. Be1 c5 18. dxc5 Nxc3 19. Rxd8+ Rxd8 20. Bxc3 Bxc3
21. Rc1 Bb2 22. Rb1 Nxc4 23. bxc4 Ba3 24. Rxb7 Rd1+ 25. Kh2 Bxc5 26. Rb5 Bxf2
27. Rxf5 Rc1 28. a4 Bb6 29. Nd2 Bc7+ 30. g3 Rc2 31. Rf2 Ba5 32. Ne4 Rxc4 33.
Rf4 Kf8 34. Ng5 Rxf4 35. gxf4 Bd2 36. Kg3 e5 0-1

[Event "Gütersloher SV 1 - SV Castrop-Rauxel 1"]
[Site "NRW-Klasse, Gruppe 2 2014/201"]
[Date "2015.01.11"]
[Round "5.3"]
[White "Boehnke, Martin"]
[Black "Plaßmann, Dominik"]
[Result "1/2-1/2"]
[WhiteElo "2097"]
[BlackElo "2071"]
[PlyCount "59"]
[EventDate "2015.??.??"]
[WhiteTeam "SV Castrop-Rauxel 1"]
[BlackTeam "Gütersloher SV 1"]

1. d4 e6 2. Nf3 c5 3. g3 Nf6 4. Bg2 a6 5. O-O Qc7 6. Bf4 d6 7. dxc5 Qxc5 8.
Nbd2 Be7 9. Nb3 Qc7 10. c4 Nbd7 11. Rc1 b6 12. Ng5 Rb8 13. Qd2 O-O 14. Rfd1 h6
15. Nf3 e5 16. Be3 Ng4 17. h3 Nxe3 18. Qxe3 Bb7 19. Nbd2 f5 20. b4 Rbe8 21. Qb3
Kh7 22. Nb1 Nf6 23. Nc3 Rc8 24. Nd2 Bxg2 25. Kxg2 Qb7+ 26. Kh2 Rc7 27. Nd5 Nxd5
28. cxd5 Rxc1 29. Rxc1 Bg5 30. Rc2 1/2-1/2

[Event "Gütersloher SV 1 - SV Castrop-Rauxel 1"]
[Site "NRW-Klasse, Gruppe 2 2014/201"]
[Date "2015.01.11"]
[Round "5.4"]
[White "Hanhoerster, Stephan"]
[Black "Hille, Ralph Ingo"]
[Result "1-0"]
[WhiteElo "2081"]
[BlackElo "2072"]
[PlyCount "59"]
[EventDate "2015.??.??"]
[WhiteTeam "Gütersloher SV 1"]
[BlackTeam "SV Castrop-Rauxel 1"]

1. e4 Nc6 2. Nf3 f5 3. exf5 d5 4. d4 Bxf5 5. c4 e6 6. c5 e5 7. Bb5 exd4 8. Nxd4
Bd7 9. Bxc6 bxc6 10. b4 Qf6 11. O-O Ne7 12. Bb2 Qg6 13. Nd2 Nf5 14. Re1+ Kd8
15. Nxf5 Bxf5 16. Nc4 Be7 17. Ne5 Qe8 18. Qa4 Bd7 19. Rad1 a6 20. Qc2 Kc8 21.
Nxd7 Qxd7 22. Bxg7 Rg8 23. Qxh7 Kb7 24. Be5 Rae8 25. Bg3 Qg4 26. f3 Qg5 27. Re5
Bxc5+ 28. bxc5 Rxe5 29. f4 Re7 30. Qb1+ 1-0

[Event "Gütersloher SV 1 - SV Castrop-Rauxel 1"]
[Site "NRW-Klasse, Gruppe 2 2014/201"]
[Date "2015.01.11"]
[Round "5.5"]
[White "Mueller, Frank"]
[Black "Janyska, Dennis"]
[Result "1/2-1/2"]
[WhiteElo "2030"]
[BlackElo "1998"]
[PlyCount "48"]
[EventDate "2015.??.??"]
[WhiteTeam "SV Castrop-Rauxel 1"]
[BlackTeam "Gütersloher SV 1"]

1. e4 e6 2. d4 d5 3. Nd2 Nc6 4. Ngf3 Nf6 5. e5 Ne4 6. c3 f5 7. exf6 Nxf6 8. Bd3
Bd6 9. Qe2 O-O 10. Ne5 Bxe5 11. dxe5 Nd7 12. Nf3 Qe8 13. O-O Qh5 14. Re1 b6 15.
Bb5 Ne7 16. Nd4 Qxe2 17. Rxe2 a6 18. Ba4 Nc5 19. Bc2 Bd7 20. Bg5 Nc6 21. b4
Nxd4 22. cxd4 Bb5 23. Re3 Nd7 24. Rc3 Bc4 1/2-1/2

[Event "Gütersloher SV 1 - SV Castrop-Rauxel 1"]
[Site "NRW-Klasse, Gruppe 2 2014/201"]
[Date "2015.01.11"]
[Round "5.6"]
[White "Scharnowski, Tobias"]
[Black "Kock, Wolfgang"]
[Result "1-0"]
[WhiteElo "2005"]
[BlackElo "1973"]
[PlyCount "83"]
[EventDate "2015.??.??"]
[WhiteTeam "Gütersloher SV 1"]
[BlackTeam "SV Castrop-Rauxel 1"]

1. e4 d6 2. d4 Nf6 3. Nc3 c6 4. Nf3 Bg4 5. h3 Bh5 6. Qe2 e6 7. g4 Bg6 8. h4 h5
9. g5 Nfd7 10. Bh3 d5 11. exd5 cxd5 12. Nxd5 Qa5+ 13. Nc3 Bb4 14. Bd2 O-O 15.
O-O Bxc3 16. Bxc3 Qa4 17. Rfc1 a5 18. Bg2 Bf5 19. b3 Qc6 20. Bb2 Qc7 21. c4 Nc6
22. d5 Nb4 23. Nd4 Bd3 24. Qd2 Bg6 25. dxe6 Nc5 26. e7 Qxe7 27. Re1 Qd7 28. Qc3
f6 29. Bh3 f5 30. Rad1 Nxa2 31. Qf3 Qf7 32. Re5 Nd7 33. Rb5 Nb4 34. Rxb7 Rab8
35. Rxb8 Rxb8 36. Nxf5 Bxf5 37. Qxf5 Qxf5 38. Bxf5 Nc5 39. Bg6 Kf8 40. Be5 Rb6
41. Bd6+ Kg8 42. Re1 1-0

[Event "Gütersloher SV 1 - SV Castrop-Rauxel 1"]
[Site "NRW-Klasse, Gruppe 2 2014/201"]
[Date "2015.01.11"]
[Round "5.7"]
[White "Mittelbachert, Ulrich"]
[Black "Krueger, Tim"]
[Result "1/2-1/2"]
[WhiteElo "1858"]
[BlackElo "2036"]
[Annotator "Hausrath,Daniel"]
[PlyCount "178"]
[EventDate "2015.??.??"]
[WhiteTeam "SV Castrop-Rauxel 1"]
[BlackTeam "Gütersloher SV 1"]

1. b4 d5 2. Bb2 c6 3. a4 Qb6 4. b5 a6 5. e3 axb5 6. axb5 Rxa1 7. Bxa1 Nf6 8. c4
cxb5 9. cxb5 e6 10. Qc2 Qc5 11. Qd1 Be7 12. Nf3 O-O 13. Bd4 Qc7 14. Nc3 Nbd7
15. b6 Nxb6 16. Be5 Qc5 17. Bd4 Qa5 18. Be2 Bd7 19. Qb3 Bc5 20. Bxf6 gxf6 21.
O-O Bc6 22. Rb1 Nd7 23. h3 Ra8 24. Qc2 Ne5 25. Nh2 Bf8 26. f4 Nc4 27. Qd3 f5
28. g4 Nd6 29. gxf5 Nxf5 30. Bg4 Nd6 31. Bf3 f5 32. Kf2 Bg7 33. Rg1 Kh8 34.
Rxg7 Kxg7 35. Qd4+ Kg8 36. Qe5 Qc7 37. Qxe6+ Nf7 38. Bh5 $11 Qd7 39. Qf6 Re8
40. Nf3 Rf8 $11 41. Nd4 Nd6 42. Qg5+ Kh8 43. d3 Rg8 44. Qf6+ Qg7 45. Qxg7+ Kxg7
46. Bf3 Rb8 47. Ke2 Kg6 48. Kd2 Ra8 49. Nxd5 Ra2+ 50. Ke1 Bxd5 51. Bxd5 Rh2 52.
e4 fxe4 53. dxe4 b6 54. e5 Ne8 55. f5+ Kg7 56. Ne6+ Kf7 57. Nf4+ Ke7 58. Bg2 b5
59. Kf1 Kf7 60. Kg1 Rxg2+ 61. Kxg2 Ng7 62. f6 Nf5 63. Kf2 b4 64. Ke1 Nd4 65.
Nd3 Nf3+ 66. Kf2 Nxe5 67. Nxe5+ Kxf6 68. Nc4 Kg5 69. Kg3 b3 70. Nb2 Kf5 71. Kf3
Kg5 72. Nd3 Kh4 73. Kg2 Kg5 74. Kg3 Kf5 75. h4 Kg6 76. Kg4 h5+ 77. Kf4 Kf6 78.
Nb2 Ke6 79. Kg5 Kd5 80. Kxh5 Kd4 81. Na4 Kc4 82. Kg5 Kb4 83. Nb2 Kc3 84. Na4+
Kb4 85. Nb2 Kc3 86. h5 Kxb2 87. h6 Kc2 88. h7 b2 89. h8=Q b1=Q 1/2-1/2

[Event "Gütersloher SV 1 - SV Castrop-Rauxel 1"]
[Site "NRW-Klasse, Gruppe 2 2014/201"]
[Date "2015.01.11"]
[Round "5.8"]
[White "Minosjan, Artur"]
[Black "Balke, Reiner"]
[Result "1-0"]
[WhiteElo "1999"]
[BlackElo "1806"]
[PlyCount "37"]
[EventDate "2015.??.??"]
[WhiteTeam "Gütersloher SV 1"]
[BlackTeam "SV Castrop-Rauxel 1"]

1. e4 d5 2. Nc3 d4 3. Nce2 e5 4. Nf3 Bd6 5. Ng3 h5 6. h4 Bg4 7. Be2 Ne7 8. Ng5
Bxe2 9. Qxe2 Ng6 10. Nxh5 Kf8 11. d3 Qe7 12. Bd2 Nd7 13. O-O-O a5 14. Ng3 Qf6
15. Kb1 Nc5 16. Qg4 Nf4 17. Bxf4 Qxf4 18. Qxf4 exf4 19. Ne2 1-0

[Event "SK Münster 1 - SG Bochum 2"]
[Site "NRW-Klasse, Gruppe 2 2014/201"]
[Date "2015.01.11"]
[Round "5.1"]
[White "Kotainy, Jens"]
[Black "Wolter, Kai"]
[Result "1/2-1/2"]
[WhiteElo "2335"]
[BlackElo "2269"]
[PlyCount "58"]
[EventDate "2015.??.??"]
[WhiteTeam "SG Bochum 2"]
[BlackTeam "SK Münster 1"]

1. e4 c5 2. Nc3 Nc6 3. f4 g6 4. Nf3 Bg7 5. Bb5 Nd4 6. O-O Nxb5 7. Nxb5 d5 8. e5
a6 9. Na3 e6 10. c3 h5 11. d4 c4 12. b3 cxb3 13. axb3 Nh6 14. Nc2 Nf5 15. Ba3
Bf8 16. Bxf8 Kxf8 17. Qd2 Bd7 18. Ne3 Nxe3 19. Qxe3 Kg7 20. Ng5 a5 21. c4 dxc4
22. bxc4 b5 23. cxb5 Bxb5 24. Rfc1 Qb6 25. Ne4 Rhc8 26. Nc5 Bc6 27. f5 Qb2 28.
f6+ Kh7 29. Qf2 Rab8 1/2-1/2

[Event "SK Münster 1 - SG Bochum 2"]
[Site "NRW-Klasse, Gruppe 2 2014/201"]
[Date "2015.01.11"]
[Round "5.2"]
[White "Kuijf, Marinus"]
[Black "Tkachuk, Konstantyn"]
[Result "1-0"]
[WhiteElo "2339"]
[BlackElo "2257"]
[PlyCount "65"]
[EventDate "2015.??.??"]
[WhiteTeam "SK Münster 1"]
[BlackTeam "SG Bochum 2"]

1. e4 c5 2. Nc3 Nc6 3. f4 g6 4. Nf3 Bg7 5. Bb5 Nd4 6. O-O Nxb5 7. Nxb5 Nf6 8.
e5 Nd5 9. d4 cxd4 10. Qxd4 Nc7 11. Nxa7 d6 12. Nxc8 Qxc8 13. Qf2 dxe5 14. fxe5
Ne6 15. c3 O-O 16. Qh4 Qc5+ 17. Kh1 Rfd8 18. Bh6 Bh8 19. a3 Rd5 20. Rae1 Rad8
21. Ng5 Nxg5 22. Bxg5 Re8 23. Be3 Qc7 24. Rxf7 Kxf7 25. Qxh7+ Ke6 26. Qh3+ Kf7
27. Rf1+ Bf6 28. Rxf6+ exf6 29. Qh7+ Ke6 30. Qxc7 Rd1+ 31. Bg1 fxe5 32. Qxb7
Red8 33. h3 1-0

[Event "SK Münster 1 - SG Bochum 2"]
[Site "NRW-Klasse, Gruppe 2 2014/201"]
[Date "2015.01.11"]
[Round "5.3"]
[White "Dahm, Jochen"]
[Black "Webb, Laurence"]
[Result "1/2-1/2"]
[WhiteElo "2220"]
[BlackElo "2225"]
[PlyCount "140"]
[EventDate "2015.??.??"]
[WhiteTeam "SG Bochum 2"]
[BlackTeam "SK Münster 1"]

1. c4 e5 2. g3 Nc6 3. Bg2 f5 4. Nc3 Nf6 5. d3 Bb4 6. Bd2 O-O 7. Nd5 Bxd2+ 8.
Qxd2 d6 9. e3 Nxd5 10. cxd5 Ne7 11. Ne2 Bd7 12. e4 c6 13. O-O cxd5 14. exd5 Ng6
15. d4 Bb5 16. dxe5 Nxe5 17. Rfe1 Bxe2 18. Rxe2 Qb6 19. Rae1 Rac8 20. b3 Rc7
21. Kh1 Qc5 22. f4 Ng4 23. h3 Nf6 24. Re6 Rd8 25. Qe2 Qc2 26. Bf3 Rc3 27. Kg2
Qxe2+ 28. R1xe2 Kf8 29. g4 Rd3 30. Re7 Rd7 31. Rxd7 Nxd7 32. gxf5 Nf6 33. Rc2
Nxd5 34. Bxd5 Rxd5 35. Rc7 Rd2+ 36. Kf3 Rxa2 37. Rxb7 Rc2 38. Ke4 Rc3 39. h4 a5
40. Kd5 Rd3+ 41. Ke6 Re3+ 42. Kxd6 Re4 43. h5 Rxf4 44. Rb5 Rh4 45. Rxa5 Kf7 46.
Ke5 Rxh5 47. Ra7+ Kf8 48. Ra8+ Kf7 49. Ra7+ Kf8 50. b4 g6 51. Ke6 Rxf5 52. Rxh7
Rb5 53. Rh4 Kg7 54. Kd6 g5 55. Rd4 Rf5 56. Kc6 Rf6+ 57. Kc5 Rf5+ 58. Kc4 Kg6
59. b5 Kh5 60. b6 Rf8 61. b7 g4 62. Kc5 Rb8 63. Kc6 Kh4 64. Kc7 Rxb7+ 65. Kxb7
Kh3 66. Kc6 g3 67. Kd5 g2 68. Rd1 Kh2 69. Ke4 g1=Q 70. Rxg1 Kxg1 1/2-1/2

[Event "SK Münster 1 - SG Bochum 2"]
[Site "NRW-Klasse, Gruppe 2 2014/201"]
[Date "2015.01.11"]
[Round "5.4"]
[White "Chilla, Jan Eric"]
[Black "Schlawin, Marlon"]
[Result "1/2-1/2"]
[WhiteElo "2214"]
[BlackElo "2222"]
[PlyCount "134"]
[EventDate "2015.??.??"]
[WhiteTeam "SK Münster 1"]
[BlackTeam "SG Bochum 2"]

1. Nf3 c5 2. b3 Nf6 3. Bb2 b6 4. g3 Bb7 5. Bg2 e6 6. O-O Be7 7. c4 O-O 8. Nc3
d6 9. e3 Nbd7 10. Qe2 Re8 11. Rac1 Ne4 12. Nxe4 Bxe4 13. d3 Bb7 14. Ne1 Rb8 15.
f4 Bxg2 16. Nxg2 Bf6 17. Bxf6 Nxf6 18. e4 Nd7 19. Ne3 Qf6 20. Kg2 Qd4 21. Nc2
Qb2 22. Rb1 Qf6 23. Ne1 Rbd8 24. Nf3 Nb8 25. Qe3 Nc6 26. Rbe1 Rd7 27. Rd1 Qe7
28. d4 cxd4 29. Nxd4 Nxd4 30. Rxd4 e5 31. Rd5 exf4 32. Rxf4 h6 33. h4 f6 34. h5
Qf7 35. Qd2 Re5 36. g4 Qe6 37. Kf3 Kf8 38. Qd3 Ke7 39. Rf5 Kf7 40. Rf4 Kg8 41.
Rf5 Kf8 42. a4 Ke7 43. Qd4 Rc7 44. a5 bxa5 45. Rxa5 Qd7 46. Rfxe5+ fxe5 47. Qd5
Qc8 48. c5 Rxc5 49. Rxa7+ Rc7 50. Rxc7+ Qxc7 51. Qd2 Qb6 52. Qe3 Qb5 53. Kg2
Qd7 54. Kg3 Kd8 55. Qb6+ Ke8 56. Qb8+ Kf7 57. Qb6 Ke6 58. Qf2 Qb5 59. Qf3 Qb4
60. Qe3 Qa3 61. Qc3 Qa7 62. Kg2 Qa2+ 63. Kh3 Qf2 64. Qc8+ Ke7 65. Qc7+ Ke6 66.
Qc8+ Ke7 67. Qc7+ Ke6 1/2-1/2

[Event "SK Münster 1 - SG Bochum 2"]
[Site "NRW-Klasse, Gruppe 2 2014/201"]
[Date "2015.01.11"]
[Round "5.5"]
[White "Kitte, Sebastian"]
[Black "Molinaroli, Martin"]
[Result "1/2-1/2"]
[WhiteElo "2204"]
[BlackElo "2244"]
[PlyCount "85"]
[EventDate "2015.??.??"]
[WhiteTeam "SG Bochum 2"]
[BlackTeam "SK Münster 1"]

1. d4 Nf6 2. c4 c5 3. d5 b5 4. cxb5 a6 5. f3 d6 6. e4 g6 7. a4 Bg7 8. Nc3 O-O
9. Ra3 Nbd7 10. Be3 axb5 11. Bxb5 Ba6 12. Nge2 Ne5 13. O-O Nc4 14. Bxc4 Bxc4
15. Qd2 Qa5 16. Bh6 Rfb8 17. Bxg7 Kxg7 18. Rb1 Qb4 19. Ng3 Bb3 20. Rba1 Rb7 21.
Qg5 Kh8 22. Nb5 Rxb5 23. axb5 Rxa3 24. Rxa3 Qe1+ 25. Nf1 Bc4 26. h3 Bxb5 27.
Qh6 Qxf1+ 28. Kh2 Kg8 29. Ra8+ Be8 30. Ra7 Qf2 31. Rxe7 Qxb2 32. Qf4 Bb5 33.
Rb7 Kg7 34. Qxd6 Nd7 35. f4 Nf6 36. Qxc5 Qd2 37. Rxb5 Nxe4 38. Qc7 Qd3 39. Qe5+
Kh6 40. Rb2 Qg3+ 41. Kg1 Qe3+ 42. Kh2 Qg3+ 43. Kg1 1/2-1/2

[Event "SK Münster 1 - SG Bochum 2"]
[Site "NRW-Klasse, Gruppe 2 2014/201"]
[Date "2015.01.11"]
[Round "5.6"]
[White "Bolwerk, Peter"]
[Black "Kahleys, Kevin"]
[Result "0-1"]
[WhiteElo "2184"]
[BlackElo "2192"]
[PlyCount "100"]
[EventDate "2015.??.??"]
[WhiteTeam "SK Münster 1"]
[BlackTeam "SG Bochum 2"]

1. e4 e6 2. d4 d5 3. Nc3 Nf6 4. e5 Nfd7 5. f4 c5 6. Nf3 Nc6 7. Be3 cxd4 8. Nxd4
Bc5 9. Qd2 Nxd4 10. Bxd4 Bxd4 11. Qxd4 Qb6 12. O-O-O Qxd4 13. Rxd4 a6 14. Be2
h6 15. h4 h5 16. Kb1 Rb8 17. Rc1 b5 18. a4 b4 19. Na2 a5 20. Bb5 Ke7 21. Bxd7
Bxd7 22. b3 Rhc8 23. Kb2 Rc7 24. c3 bxc3+ 25. Rxc3 Rxc3 26. Nxc3 Bc6 27. Ka3 f6
28. Ne2 Rc8 29. Rd2 Bd7 30. Kb2 fxe5 31. fxe5 Rf8 32. Nd4 Rf4 33. Nf3 Rg4 34.
Rc2 d4 35. Ka3 d3 36. Rd2 Bc6 37. Rxd3 Rxg2 38. Nd2 Bd5 39. b4 axb4+ 40. Kxb4
Rg4+ 41. Kb5 Rxh4 42. a5 Rh1 43. a6 Ra1 44. Nf3 Rxa6 45. Rxd5 Ra3 46. Rc5 Rxf3
47. Rc7+ Kf8 48. Rc8+ Kf7 49. Rc7+ Kg6 50. Re7 Re3 0-1

[Event "SK Münster 1 - SG Bochum 2"]
[Site "NRW-Klasse, Gruppe 2 2014/201"]
[Date "2015.01.11"]
[Round "5.7"]
[White "Tkachuk, Sergij"]
[Black "Kamp, Christoph"]
[Result "1/2-1/2"]
[WhiteElo "2142"]
[BlackElo "2169"]
[PlyCount "60"]
[EventDate "2015.??.??"]
[WhiteTeam "SG Bochum 2"]
[BlackTeam "SK Münster 1"]

1. e4 e6 2. d4 d5 3. exd5 exd5 4. Nf3 Nc6 5. Bb5 Bd6 6. c4 dxc4 7. d5 a6 8. Ba4
b5 9. dxc6 bxa4 10. Qxa4 Ne7 11. O-O Bf5 12. Nbd2 O-O 13. Nxc4 Bd3 14. Re1 Rb8
15. Nxd6 Qxd6 16. Bf4 Qxc6 17. Qxc6 Nxc6 18. b3 Rbc8 19. Rec1 Nb4 20. Ne1 Bf5
21. Rxc7 Rxc7 22. Bxc7 Rc8 23. Ba5 Nc2 24. Rd1 Nxe1 25. Bxe1 f6 26. f3 Kf7 27.
Rd2 Rc2 28. Kf2 Rxd2+ 29. Bxd2 Bb1 30. a3 Bc2 1/2-1/2

[Event "SK Münster 1 - SG Bochum 2"]
[Site "NRW-Klasse, Gruppe 2 2014/201"]
[Date "2015.01.11"]
[Round "5.8"]
[White "Rott, Georg"]
[Black "Werthebach, Felix"]
[Result "1-0"]
[WhiteElo "2110"]
[BlackElo "2147"]
[Annotator "Hausrath,Daniel"]
[PlyCount "79"]
[EventDate "2015.??.??"]
[WhiteTeam "SK Münster 1"]
[BlackTeam "SG Bochum 2"]

1. e4 c5 2. Nf3 e6 3. c3 Nf6 4. e5 Nd5 5. d4 cxd4 6. cxd4 d6 7. a3 Nc6 8. Bd3
Be7 9. O-O O-O 10. Re1 a6 11. b4 f5 12. Bc4 Nc7 13. exd6 Qxd6 14. g3 Nd5 15.
Ra2 f4 16. Ne5 fxg3 17. hxg3 b5 18. Bf1 Nxe5 19. dxe5 Qb6 20. Bg2 Bb7 21. Qg4
Rf7 $11 22. Rc2 Raf8 23. Ree2 Kh8 24. Bb2 Rf5 25. Bd4 Qd8 26. Red2 Bg5 27. Rd1
Bh6 28. Bc5 Re8 29. f4 g6 30. Nc3 Bf8 31. Nxd5 Bxd5 32. Bxd5 exd5 33. Qf3 Bxc5+
34. Rxc5 d4 35. Qe4 Ref8 36. Rxd4 Qe7 37. Qd3 g5 38. Rd7 Qe6 39. Rcc7 Qb6+ 40.
Kg2 1-0

[Event "SF Neuenkirchen 1 - Bahn-SC Wuppertal 1"]
[Site "NRW-Klasse, Gruppe 2 2014/201"]
[Date "2015.01.11"]
[Round "5.1"]
[White "Savchenko, Vyacheslav"]
[Black "Muschik, Benedikt"]
[Result "1/2-1/2"]
[WhiteElo "2347"]
[BlackElo "2295"]
[PlyCount "144"]
[EventDate "2015.??.??"]
[WhiteTeam "Bahn-SC Wuppertal 1"]
[BlackTeam "SF Neuenkirchen 1"]

1. e4 g6 2. d4 Bg7 3. Nc3 d6 4. Be3 Nd7 5. h4 Ngf6 6. Be2 a6 7. h5 gxh5 8. Bxh5
b5 9. Bf3 Bb7 10. e5 Bxf3 11. Qxf3 dxe5 12. O-O-O exd4 13. Bxd4 Qc8 14. Qc6 Kf8
15. g4 Nb6 16. g5 Ne8 17. Bxg7+ Nxg7 18. Nf3 Qf5 19. Kb1 b4 20. Nd4 Qd7 21.
Qxd7 Nxd7 22. Nc6 bxc3 23. Rxd7 Re8 24. f4 Ne6 25. Rh4 cxb2 26. Kxb2 Rg8 27.
Kc3 Rg7 28. Kc4 f6 29. gxf6 exf6 30. Rxh7 Rxd7 31. Rxd7 Nxf4 32. Rxc7 Re4+ 33.
Kb3 Ne6 34. Rc8+ Kg7 35. Nb4 a5 36. Nd3 a4+ 37. Kc3 Nd4 38. Rc4 Ne2+ 39. Kb4
Re7 40. Kxa4 f5 41. Kb5 Re4 42. a4 Nd4+ 43. Kc5 Nxc2 44. Rxe4 fxe4 45. Nc1 Ne1
46. Kd4 Nc2+ 47. Kxe4 Kf6 48. Kd5 Ke7 49. Kc6 Nd4+ 50. Kb7 Kd7 51. a5 Ne6 52.
Nd3 Nd8+ 53. Kb6 Kc8 54. Nc5 Kb8 55. a6 Ka8 56. Ne4 Nf7 57. Nc3 Nd6 58. Nd5
Nc8+ 59. Kb5 Nd6+ 60. Kc5 Ka7 61. Nb4 Nc8 62. Kc6 Ne7+ 63. Kb5 Kb8 64. Ka5 Ka7
65. Kb5 Kb8 66. Kb6 Nc8+ 67. Kc6 Ka7 68. Kb5 Ne7 69. Kc5 Nc8 70. Kc6 Ne7+ 71.
Kc7 Nd5+ 72. Nxd5 Kxa6 1/2-1/2